000
00212 a2200109 4500
020
_a
9780152017149
041
_a
spa
100
_a
Wright, Paulsen, Ruth
245
_a
La tortilleria
942
_c
BK
952
_7
4
999
_c
19890
_d
19890